| 000 | 00502nam a2200181Ia 4500 | ||
|---|---|---|---|
| 008 | 100920s9999 xx 000 0 und d | ||
| 082 |
_b45559 _a20 थ 81 |
||
| 100 | _aGross Nancy D. / Fontana Frank. | ||
| 245 | _aSHISHA EMBROIDERY. | ||
| 260 |
_bDOVER PUBLICATIONS,INC, NEW YORK. _c1981 |
||
| 300 |
_a21 _bसाधी |
||
| 365 | _b0 | ||
| 520 | _aरेफरन्स. | ||
| 630 | _aSHISHA EMBROIDERY. | ||
| 650 | _aरेफरन्स. | ||
| 730 | _aSHISHA EMBROIDERY. | ||
| 942 | _cBOOK | ||
| 999 |
_c693795 _d693792 |
||